Score 0/21 Timer 07:00
0 Plays Today
% Correct
Cabbage Dishes
91.8%
Accessory Fruit (Pseudofruit)
90.2%
Traditional Southern Foods (US)
89%
German Loanwords
88.6%
Sesame Street Muppets
87%
Ways to Describe an Ostrich
86.7%
Nicknames for 'Herbert'
86.5%
Terms Associated with 'Dole' and an Animated Sponge
86.3%
Hair _____
85.1%
Under _____ (Music)
84.9%
Words with 'ge' Pronounced with a Hard 'g'
84.7%
% Correct
Behind _____ (Idiomatic)
84.7%
Accessories in a Pool Game
84%
Kinds of Paint
83.5%
Ways to Describe Someone Whose Plane is Cancelled
83.3%
Ways to Acquire Apples
82.8%
Nouns With Identical Singular and Plural Forms
82.4%
Words Pronounced Differently in British and American English
80.8%
Kinds of Tic(k)
80.1%
Things Related to Newtons
73.2%
Verbs (3rd Person Singular, Indicative)
73.2%
Remove Ads.
Support Sporcle.
Get the best of Sporcle when you Go Orange. This ad-free experience offers more features, more stats, and more fun while also helping to support Sporcle. Thank you for becoming a member.

You're not logged in!

Compare scores with friends on all Sporcle quizzes.
OR
Log In

Sporcle TV

Today on Sporcle TV


Watch our educational content, quiz creation guides, and fun videos on Sporcle TV.

Show Comments

Extras

Top Quizzes Today


Score Distribution

Paid Content

Your Account Isn't Verified!

In order to create a playlist on Sporcle, you need to verify the email address you used during registration. Go to your Sporcle Settings to finish the process.

Report this User

Report this user for behavior that violates our Community Guidelines.

Details: